000 00612nam a2200217Ia 4500
005 20250508162438.0
008 008 250505s9999 xx 000 0 eng d
020 _a0-236-40095-9
037 _aTextual
040 _aFEDL
_beng
_cFEDL
041 _aeng
_2eng
084 _a150, MAY
_qFEDL
100 _aMay Keith M
245 0 _aOut of the maelstrom: Psychology and the novel in the twentieth century
260 _aLondon, UK
_bPaul Chapman Publishing
_c1977
300 _axvi,135p
365 _aGBP
_b5.5
650 _aPsychology
942 _cTEXL
_h150, MAY
999 _c1376594
_d1376594